Countries that start with A, E, I, O, U, or Y - Statistics

General Stats
  • This quiz has been taken 61 times
    35 since last reset
  • The average score is 25 of 36
Answer Stats
Letter Country % Correct
A Angola
89%
A Azerbaijan
89%
Y Yemen
89%
A Andorra
86%
A Armenia
86%
A Afghanistan
83%
E Eritrea
80%
I India
80%
O Oman
80%
A Albania
77%
E Ethiopia
77%
U Uzbekistan
77%
A Algeria
74%
A Antigua & Barbuda
74%
A Australia
74%
I Iran
74%
I Iraq
74%
U United Kingdom
74%
U Uganda
71%
U United States of America
71%
A Argentina
66%
I Indonesia
66%
I Israel
66%
A Austria
63%
E Ecuador
63%
E Eswatini
63%
I Italy
63%
U Uruguay
63%
I Ireland
60%
U United Arab Emirates
60%
E Estonia
57%
U Ukraine
57%
E Egypt
54%
E Equatorial Guinea
54%
I Iceland
54%
E El Salvador
43%
No matching quizzes found
Score Distribution
Percent of People with Each Score
Percentile by Number Answered
Your Score History
You have not taken this quiz since the last reset